Harry Potter commençant par C par images - Statistiques

Statistiques générales
  • Ce quiz a été pris 514 fois
  • Le résultat moyen est 14 sur 20
Statistiques - réponses
Par images Hint Réponse % Correct
Personnage {Cho} {Chang}
100%
Lieu {Chambre} {des} {secrets}
95%
Créature {Centaure}
90%
Objet magique {Choixpeau} {magique}
89%
Objet magique {Coupe} {de} {feu}
89%
Objet magique {Carte} {du} {Maraudeur}
88%
Animal {Croûtard}
87%
Personnage Bartemius {Croupton} Jr
82%
Friandises {Chocogrenouille}
77%
Objet magique {Cognard}
75%
Animal {Crockdur}
73%
Lieu {Cabane} {hurlante}
71%
Sort {Crache}-{Limaces}
71%
Personnage {Colin} {Crivey}
69%
Personne sans pouvoir magique {Cracmol}
57%
Surnom de James Potter {Cornedrue}
53%
Journal {Chicaneur}
52%
Pub pour sorciers {Chaudron} {baveur}
46%
Lieu {Chaumière} {aux} {coquillages}
42%
Sort d'explosion {Confringo}
19%
Aucun quiz correspondant
Distribution des résultats
% des personnes avec chaque résultat
Percentile par nombre de réponses
Votre historique - résultats
Vous n’avez pas pris ce quiz